Furey modeling and genetic algorithimes For Data Mining And Exploration (Record no. 1179)
[ view plain ]
| 000 -LEADER | |
|---|---|
| Fixed length control field | 00537nam a2200181 4500 |
| 003 - CONTROL NUMBER IDENTIFIER | |
| Control field | SEACOMEC |
| 005 - DATE AND TIME OF LATEST TRANSACTION | |
| Control field | 20240523113829.0 |
| 008 - FIXED-LENGTH DATA ELEMENTS--GENERAL INFORMATION | |
| Fixed length control field | 240523b |||||||| |||| 00| 0 eng d |
| 020 ## - INTERNATIONAL STANDARD BOOK NUMBER / ISBN | |
| International Standard Book Number | 0121942759 |
| Price | 495.00 |
| 040 ## - CATALOGING SOURCE | |
| Original cataloging agency | SEACOMEC |
| 082 ## - DEWEY DECIMAL CLASSIFICATION NUMBER | |
| Classification number | 511.313 |
| Book Number | C877 |
| 100 ## - MAIN ENTRY--PERSONAL NAME | |
| Personal name | Cox, Earl |
| 245 ## - TITLE STATEMENT | |
| Title | Furey modeling and genetic algorithimes For Data Mining And Exploration |
| Statement of responsibility | Earl Cox |
| 260 ## - IMPRINT | |
| Place of publication | New Delhi: Elsevier; Morgan Kaufmann 2005 |
| 300 ## - PHYSICAL DESCRIPTION | |
| Page / Vol. No | xxi, 530p |
| 650 ## - SUBJECT ADDED ENTRY--TOPICAL TERM | |
| Topical term | Data Mining -Fuzzy Logic -Genetic Algorithms |
| 942 ## - ADDED ENTRY ELEMENTS (KOHA) | |
| Koha item type | Books |
| Withdrawn status | Lost status | Source of classification | Damaged status | Not for loan | Home library | Current library | Date acquired | Total Checkouts | Call number | Accession number | Date last seen | Price effective from | Koha item type |
|---|---|---|---|---|---|---|---|---|---|---|---|---|---|
| Dewey Decimal Classification | SEACOM ENGINEERING COLLEGE | SEACOM ENGINEERING COLLEGE | 23/05/2024 | 511.313 C877 | 5462 | 23/05/2024 | 23/05/2024 | Books |
